000 00566nam a2200169Ia 4500
008 090711s9999 xx 000 0 und d
082 _b50504
100 _aकोलते वि. भि.
245 _aरुक्मिणी स्वयंवर
260 _b"अरुण प्रकाशन,"
_c1949
300 _a262
600 _aकोलते वि. भि.
630 _aरुक्मिणी स्वयंवर
700 _aकोलते वि. भि.
730 _aरुक्मिणी स्वयंवर
942 _cBOOK
999 _c325865
_d325865